[Event "Ciudad de Pamplona B"]
[Site "Pamplona ESP"]
[Date "2006.12.26"]
[Round "6.1"]
[White "Monell Camarasa, David"]
[Black "Llorente Zaro, Alfonso"]
[Result "0-1"]
[WhiteElo "2212"]
[BlackElo "2419"]
[PlyCount "74"]
[EventDate "2006.12.22"]
[EventType "tourn"]
[EventRounds "9"]
[EventCountry "ESP"]
[EventCategory "3"]
[Source ""]
[SourceDate "2006.12.22"]

1. d4 d6 2. c4 e5 3. dxe5 dxe5 4. Qxd8+ Kxd8 5. Nc3 c6 6. f4 Be6 7. e4 exf4 8.
Bxf4 Nd7 9. Nf3 Ne7 10. Ng5 Ng6 11. Nxe6+ fxe6 12. Bg3 Be7 13. Be2 Bh4 14.
Bxh4+ Nxh4 15. O-O Ng6 16. b4 Ke7 17. c5 Nge5 18. a3 a5 19. Na4 axb4 20. axb4
Ra7 21. Nb6 Rxa1 22. Rxa1 Nxb6 23. cxb6 Nd7 24. Kf2 Rb8 25. Ke3 Nxb6 26. b5 c5
27. e5 Nd5+ 28. Kd2 Rd8 29. Bf3 Rd7 30. Kd3 Nb6+ 31. Kc3 Kd8 32. Be4 h6 33. Ra2
Kc7 34. Rf2 Nd5+ 35. Kc4 Kb6 36. Bg6 Ne3+ 37. Kc3 Nd1+ 0-1

[Event "Ciudad de Pamplona B"]
[Site "Pamplona ESP"]
[Date "2006.12.26"]
[Round "6.2"]
[White "Vila Dupla, Aurelio"]
[Black "Huerga Leache, Mikel"]
[Result "0-1"]
[WhiteElo "2208"]
[BlackElo "2315"]
[PlyCount "82"]
[EventDate "2006.12.22"]
[EventType "tourn"]
[EventRounds "9"]
[EventCountry "ESP"]
[EventCategory "3"]
[Source ""]
[SourceDate "2006.12.22"]

1. Nf3 d5 2. d4 Nf6 3. c4 c6 4. cxd5 cxd5 5. Nc3 Nc6 6. Bf4 a6 7. e3 Ne4 8. Bd3
Nxc3 9. bxc3 e6 10. Ne5 Nxe5 11. Bxe5 Bd6 12. Bg3 Qc7 13. Qb3 O-O 14. Kd2 Bd7
15. Bxd6 Qxd6 16. Qb4 Qc7 17. Rab1 b5 18. a4 Rfc8 19. axb5 axb5 20. Ra1 Ra4 21.
Rxa4 bxa4 22. f4 Rb8 23. Qe7 Rb2+ 24. Bc2 e5 25. Qa3 Rxc2+ 26. Kxc2 Qc4 27. Qb2
Bf5+ 28. Kc1 h6 29. Rd1 exf4 30. exf4 Kh7 31. h3 Qa6 32. Qa3 Qc4 33. Qb4 Qa6
34. c4 a3 35. Qb5 Qe6 36. Kd2 Qe4 37. Qxd5 Qd3+ 38. Ke1 Qe3+ 39. Kf1 Bd3+ 40.
Rxd3 Qxd3+ 41. Kf2 a2 0-1

[Event "Ciudad de Pamplona B"]
[Site "Pamplona ESP"]
[Date "2006.12.26"]
[Round "6.3"]
[White "Zamarbide Ibarrea, Borja"]
[Black "Navarro Cia, Miguel"]
[Result "1-0"]
[WhiteElo "2202"]
[BlackElo "2297"]
[PlyCount "83"]
[EventDate "2006.12.22"]
[EventType "tourn"]
[EventRounds "9"]
[EventCountry "ESP"]
[EventCategory "3"]
[Source ""]
[SourceDate "2006.12.22"]

1. e4 e6 2. d4 d5 3. Nc3 Bb4 4. e5 c5 5. Bd2 Nh6 6. Nb5 Bxd2+ 7. Qxd2 O-O 8.
dxc5 Nc6 9. f4 f6 10. exf6 Qxf6 11. O-O-O a6 12. Nd4 e5 13. Ndf3 exf4 14. Qxd5+
Nf7 15. Bc4 Na5 16. Ne2 Bf5 17. Ned4 Bg4 18. Bd3 Rac8 19. h3 Bxf3 20. Nxf3 g6
21. Qd4 Qc6 22. Rhe1 Qc7 23. Re4 Rcd8 24. Qf6 Qxc5 25. b4 Qc6 26. Re6 Rd6 27.
Rxd6 Nxd6 28. Qe6+ Nf7 29. Qe2 Re8 30. Qf1 Qa4 31. bxa5 Qxa2 32. Nd2 Qxa5 33.
Qxf4 b5 34. Nb3 Qa3+ 35. Kd2 Ne5 36. Qd4 Qe7 37. Kc1 Rc8 38. Be4 Rc4 39. Bd5+
Kg7 40. Bxc4 bxc4 41. Nc5 c3 42. Re1 1-0

[Event "Ciudad de Pamplona B"]
[Site "Pamplona ESP"]
[Date "2006.12.26"]
[Round "6.4"]
[White "Kononenko, Tatiana"]
[Black "Alexandrova, Olga"]
[Result "1/2-1/2"]
[WhiteElo "2375"]
[BlackElo "2371"]
[PlyCount "32"]
[EventDate "2006.12.22"]
[EventType "tourn"]
[EventRounds "9"]
[EventCountry "ESP"]
[EventCategory "3"]
[Source ""]
[SourceDate "2006.12.22"]

1. d4 Nf6 2. c4 e6 3. Nf3 b6 4. a3 Bb7 5. Nc3 d5 6. cxd5 exd5 7. Bf4 Bd6 8. Bg3
O-O 9. e3 c5 10. Be2 Ne4 11. Qc2 Nxc3 12. bxc3 c4 13. Nd2 f5 14. a4 Nc6 15. Bf3
Na5 16. O-O Bxg3 1/2-1/2

[Event "Ciudad de Pamplona B"]
[Site "Pamplona ESP"]
[Date "2006.12.26"]
[Round "6.5"]
[White "Glavina Rossi, Pablo"]
[Black "Lopez Gracia, Fernando"]
[Result "1/2-1/2"]
[WhiteElo "2418"]
[BlackElo "2348"]
[PlyCount "27"]
[EventDate "2006.12.22"]
[EventType "tourn"]
[EventRounds "9"]
[EventCountry "ESP"]
[EventCategory "3"]
[Source ""]
[SourceDate "2006.12.22"]

1. e4 c5 2. Nf3 d6 3. d4 cxd4 4. Qxd4 a6 5. c4 Nc6 6. Qd2 Nf6 7. Nc3 g6 8. b3
Bg7 9. Bb2 O-O 10. Be2 Bg4 11. O-O Qa5 12. Rfd1 Rac8 13. h3 Bxf3 14. Bxf3
1/2-1/2

[Event "Ciudad de Pamplona B"]
[Site "Pamplona ESP"]
[Date "2006.12.27"]
[Round "7.1"]
[White "Lopez Gracia, Fernando"]
[Black "Monell Camarasa, David"]
[Result "1-0"]
[WhiteElo "2348"]
[BlackElo "2212"]
[PlyCount "63"]
[EventDate "2006.12.22"]
[EventType "tourn"]
[EventRounds "9"]
[EventCountry "ESP"]
[EventCategory "3"]
[Source ""]
[SourceDate "2006.12.22"]

1. e4 d5 2. exd5 Qxd5 3. Nc3 Qd8 4. d4 Nf6 5. Nf3 c6 6. Bc4 Bf5 7. Ne5 e6 8. g4
Bg6 9. h4 Bb4 10. f3 Nd5 11. Bxd5 cxd5 12. Qe2 Bxc3+ 13. bxc3 Qc8 14. Qb5+ Nc6
15. Ba3 f6 16. Nxg6 hxg6 17. Qd3 f5 18. Qe3 Qd7 19. Qg5 Qf7 20. Ke2 Qf6 21. Qe3
O-O-O 22. g5 Qf7 23. Qf4 e5 24. dxe5 Rhe8 25. Kf2 Nxe5 26. Rae1 Qc7 27. Kg3 Re6
28. Re3 Rde8 29. Rhe1 Kd7 30. c4 d4 31. Qxd4+ Kc8 32. Qf4 1-0

[Event "Ciudad de Pamplona B"]
[Site "Pamplona ESP"]
[Date "2006.12.27"]
[Round "7.3"]
[White "Navarro Cia, Miguel"]
[Black "Kononenko, Tatiana"]
[Result "1-0"]
[WhiteElo "2297"]
[BlackElo "2375"]
[PlyCount "147"]
[EventDate "2006.12.22"]
[EventType "tourn"]
[EventRounds "9"]
[EventCountry "ESP"]
[EventCategory "3"]
[Source ""]
[SourceDate "2006.12.22"]

1. e4 e6 2. d4 d5 3. Nc3 Bb4 4. e5 Ne7 5. Qg4 Nf5 6. Nf3 h5 7. Qf4 c5 8. dxc5
Nc6 9. Bd3 Bxc5 10. O-O Nce7 11. Na4 Ng6 12. Qd2 Be7 13. Bxf5 exf5 14. Nc3 Be6
15. Rd1 Qb6 16. Qe2 Qc6 17. Nd4 Qd7 18. f4 a6 19. a4 Rc8 20. Be3 h4 21. Qf3 Bb4
22. Nce2 Be7 23. c3 O-O 24. Qh5 Nh8 25. h3 Rfd8 26. Bf2 Ng6 27. Nxe6 Qxe6 28.
Nd4 Nxf4 29. Nxe6 Nxh5 30. Nxd8 Rxd8 31. Rd4 g5 32. Rad1 Nf4 33. Kf1 f6 34.
exf6 Bxf6 35. R4d2 Re8 36. Bd4 Kf7 37. Re1 Rc8 38. Be3 Rc4 39. a5 Ra4 40. Red1
Ke6 41. Bxf4 Rxf4+ 42. Kg1 d4 43. c4 Re4 44. Kf1 Re3 45. Re2 f4 46. Rxe3+ fxe3
47. Ke2 Ke5 48. Kd3 Be7 49. Rf1 Bb4 50. Rf7 Bxa5 51. Rd7 Kf4 52. Rxd4+ Kg3 53.
Ke2 Kxg2 54. Rg4+ Kxh3 55. Rxg5 Bd8 56. Rg6 a5 57. b3 Kh2 58. Kxe3 h3 59. Kf2
Kh1 60. Rg1+ Kh2 61. Rg7 b6 62. Rh7 Bf6 63. Kf3 Bd4 64. Kg4 Kg2 65. Rxh3 Kf2
66. Rd3 Be3 67. Kf5 Ke2 68. Ke4 Bg1 69. Rd5 Bh2 70. Kf5 Bg1 71. Ke6 Ke3 72. Kd6
Ke2 73. Kc6 Bf2 74. Kb5 1-0

[Event "Ciudad de Pamplona B"]
[Site "Pamplona ESP"]
[Date "2006.12.27"]
[Round "7.4"]
[White "Huerga Leache, Mikel"]
[Black "Zamarbide Ibarrea, Borja"]
[Result "1-0"]
[WhiteElo "2315"]
[BlackElo "2202"]
[PlyCount "69"]
[EventDate "2006.12.22"]
[EventType "tourn"]
[EventRounds "9"]
[EventCountry "ESP"]
[EventCategory "3"]
[Source ""]
[SourceDate "2006.12.22"]

1. e4 e6 2. d4 d5 3. Nc3 Bb4 4. e5 Ne7 5. Bd2 Nf5 6. Bd3 c5 7. Bxf5 exf5 8. Nb5
Bxd2+ 9. Qxd2 O-O 10. dxc5 Nc6 11. Nf3 Qe7 12. Qxd5 Nb4 13. Qc4 a5 14. Nbd4 Na6
15. c6 bxc6 16. O-O c5 17. Nb3 Be6 18. Qe2 Rfb8 19. c3 a4 20. Na5 Qd7 21. Ng5
Qd8 22. Qh5 h6 23. Nxe6 Qxa5 24. Nf4 Rxb2 25. Qxf5 Qxc3 26. Rad1 Qc2 27. Qg4
Re8 28. e6 Re7 29. Rd8+ Kh7 30. g3 Rbb7 31. exf7 Rxf7 32. Qc8 Rxf4 33. Rh8+ Kg6
34. Qxb7 Rf6 35. Rg8 1-0

[Event "Ciudad de Pamplona B"]
[Site "Pamplona ESP"]
[Date "2006.12.27"]
[Round "7.5"]
[White "Llorente Zaro, Alfonso"]
[Black "Vila Dupla, Aurelio"]
[Result "1-0"]
[WhiteElo "2419"]
[BlackElo "2208"]
[PlyCount "137"]
[EventDate "2006.12.22"]
[EventType "tourn"]
[EventRounds "9"]
[EventCountry "ESP"]
[EventCategory "3"]
[Source ""]
[SourceDate "2006.12.22"]

1. d4 Nf6 2. Bg5 e6 3. Nc3 h6 4. Bxf6 Qxf6 5. e4 Bb4 6. Qd2 Qg5 7. f4 Bxc3 8.
bxc3 Qa5 9. Nf3 b6 10. Bd3 Ba6 11. c4 Qxd2+ 12. Nxd2 Nc6 13. Nb3 Nb4 14. Kd2
Nxd3 15. cxd3 Bb7 16. Rac1 O-O-O 17. Rhf1 g6 18. d5 exd5 19. cxd5 f5 20. Nd4
Kb8 21. Nf3 Rde8 22. Rce1 Rhg8 23. g4 d6 24. Rg1 Bc8 25. gxf5 gxf5 26. Rg3 Rgf8
27. Ke3 Bb7 28. Kd4 fxe4 29. Rxe4 Rxe4+ 30. Kxe4 c5 31. dxc6 Bxc6+ 32. Ke3 Bd5
33. a3 Rf6 34. Nd4 a6 35. f5 Bf7 36. Ke4 b5 37. Rg1 Kb7 38. Rb1 Kb6 39. Nc2 Be8
40. Ne3 Bc6+ 41. Kd4 Ka5 42. Kc3 Rf8 43. Rb4 Rc8 44. Kd2 Be8 45. Rd4 Rc6 46.
Nd5 Bf7 47. Nb4 Rb6 48. Kc3 d5 49. Nxd5 Bxd5 50. Rxd5 Ka4 51. Kb2 b4 52. Rd4 a5
53. Rf4 Rf6 54. axb4 axb4 55. Rf2 Ka5 56. Kb3 Kb5 57. d4 Kc6 58. Kxb4 Kd5 59.
Rf4 Rb6+ 60. Ka5 Rf6 61. Kb5 h5 62. h4 Rf8 63. f6 Rb8+ 64. Ka5 Ke6 65. f7 Ke7
66. f8=Q+ Rxf8 67. Rxf8 Kxf8 68. Kb6 Ke7 69. Kc6 1-0

[Event "Ciudad de Pamplona B"]
[Site "Pamplona ESP"]
[Date "2006.12.28"]
[Round "8.1"]
[White "Monell Camarasa, David"]
[Black "Vila Dupla, Aurelio"]
[Result "1/2-1/2"]
[WhiteElo "2212"]
[BlackElo "2208"]
[PlyCount "111"]
[EventDate "2006.12.22"]
[EventType "tourn"]
[EventRounds "9"]
[EventCountry "ESP"]
[EventCategory "3"]
[Source ""]
[SourceDate "2006.12.22"]

1. d4 Nf6 2. c4 g6 3. Nc3 d5 4. cxd5 Nxd5 5. Bd2 Bg7 6. e4 Nb6 7. Be3 O-O 8.
Be2 Nc6 9. d5 Ne5 10. Qb3 c6 11. Rd1 cxd5 12. Bxb6 Qxb6 13. Nxd5 Qa5+ 14. Kf1
Nc6 15. Nf3 Bg4 16. Qxb7 Bxf3 17. gxf3 Nd4 18. Nxe7+ Kh8 19. Qd5 Qb6 20. Qc4
Qxb2 21. Qd3 Qxa2 22. Nd5 Rac8 23. Rd2 Qa5 24. Kg2 Qd8 25. Qe3 Nxe2 26. Rxe2 f5
27. h4 Rf7 28. Ra2 Rc4 29. Rxa7 Rxa7 30. Qxa7 fxe4 31. fxe4 Rxe4 32. Qf7 Re5
33. Ne3 Qa8+ 34. Qf3 Qe8 35. Rc1 Re7 36. Qg4 Rd7 37. Rc4 h5 38. Qe4 Re7 39. Qc6
Qf7 40. Re4 Bf6 41. Rf4 Re6 42. Qf3 Rd6 43. Nd5 Qxd5 44. Qxd5 Rxd5 45. Rxf6 Kg7
46. Ra6 Rd4 47. Kg3 Rg4+ 48. Kh3 Kf7 49. f3 Rg1 50. Kh2 Re1 51. Kg3 Re6 52.
Rxe6 Kxe6 53. Kf4 Kf6 54. Ke4 g5 55. hxg5+ Kxg5 56. f4+ 1/2-1/2

[Event "Ciudad de Pamplona B"]
[Site "Pamplona ESP"]
[Date "2006.12.28"]
[Round "8.3"]
[White "Kononenko, Tatiana"]
[Black "Huerga Leache, Mikel"]
[Result "1/2-1/2"]
[WhiteElo "2375"]
[BlackElo "2315"]
[PlyCount "47"]
[EventDate "2006.12.22"]
[EventType "tourn"]
[EventRounds "9"]
[EventCountry "ESP"]
[EventCategory "3"]
[Source ""]
[SourceDate "2006.12.22"]

1. d4 Nf6 2. Nf3 d5 3. c4 c6 4. e3 a6 5. Qc2 b5 6. b3 g6 7. Bd3 Bg7 8. Bb2 O-O
9. Nbd2 Bg4 10. Ne5 Be6 11. O-O Ne8 12. Rfc1 Ra7 13. cxd5 cxd5 14. Nc6 Nxc6 15.
Qxc6 Nd6 16. a4 Qb8 17. a5 Rc8 18. Qb6 Rxc1+ 19. Bxc1 Qc7 20. Bb2 Nc8 21. Qxc7
Rxc7 22. Kf1 Bf8 23. Ba3 Bf5 24. Bxf5 1/2-1/2

[Event "Ciudad de Pamplona B"]
[Site "Pamplona ESP"]
[Date "2006.12.28"]
[Round "8.4"]
[White "Glavina Rossi, Pablo"]
[Black "Navarro Cia, Miguel"]
[Result "1/2-1/2"]
[WhiteElo "2418"]
[BlackElo "2297"]
[PlyCount "113"]
[EventDate "2006.12.22"]
[EventType "tourn"]
[EventRounds "9"]
[EventCountry "ESP"]
[EventCategory "3"]
[Source ""]
[SourceDate "2006.12.22"]

1. e4 e6 2. d4 d5 3. e5 c5 4. c3 Qb6 5. Nf3 Nc6 6. Be2 cxd4 7. cxd4 Nge7 8. Na3
Nf5 9. Nc2 Bd7 10. O-O Na5 11. b4 Nc4 12. Bd3 Be7 13. a4 Rc8 14. g4 Nh4 15.
Nxh4 Bxh4 16. g5 h6 17. Qh5 Bxg5 18. Bxg5 Nb2 19. Ne1 Nxd3 20. Nxd3 Qxd4 21.
Rfd1 Rc3 22. Be3 Qc4 23. Nc5 g6 24. Qf3 Bc8 25. Rac1 O-O 26. Qf4 Qe2 27. Rxc3
Qxd1+ 28. Kg2 b6 29. Rc1 Qe2 30. Nb3 d4 31. Nxd4 Bb7+ 32. Nc6 b5 33. Qf3 Qxf3+
34. Kxf3 bxa4 35. b5 a6 36. bxa6 Bxa6 37. Bxh6 Ra8 38. Nb4 Bb7+ 39. Ke2 Ra5 40.
Be3 Rxe5 41. Rc5 Rxc5 42. Bxc5 Kg7 43. Ke3 Kf6 44. Nd3 Kf5 45. Bd6 g5 46. Be7
e5 47. Nb2 Ke6 48. Ba3 Bc6 49. Nc4 f5 50. Bb2 f4+ 51. Kd2 e4 52. Bd4 Kf5 53.
Bc5 Bd5 54. Na3 Kg4 55. Be7 Kh3 56. Bxg5 e3+ 57. fxe3 1/2-1/2

[Event "Ciudad de Pamplona B"]
[Site "Pamplona ESP"]
[Date "2006.12.28"]
[Round "8.5"]
[White "Lopez Gracia, Fernando"]
[Black "Alexandrova, Olga"]
[Result "1/2-1/2"]
[WhiteElo "2348"]
[BlackElo "2371"]
[PlyCount "40"]
[EventDate "2006.12.22"]
[EventType "tourn"]
[EventRounds "9"]
[EventCountry "ESP"]
[EventCategory "3"]
[Source ""]
[SourceDate "2006.12.22"]

1. e4 c5 2. Nf3 e6 3. d4 cxd4 4. Nxd4 a6 5. Nc3 Nc6 6. Nxc6 bxc6 7. Bd3 d5 8.
O-O Nf6 9. Re1 Be7 10. e5 Nd7 11. Qg4 g6 12. Na4 Rb8 13. b3 O-O 14. Bh6 Re8 15.
h3 a5 16. c4 Ba6 17. Rad1 Rb4 18. Bd2 Rb8 19. Bh6 Rb4 20. Bd2 Rb8 1/2-1/2

[Event "Ciudad de Pamplona B"]
[Site "Pamplona ESP"]
[Date "2006.12.29"]
[Round "9.1"]
[White "Alexandrova, Olga"]
[Black "Monell Camarasa, David"]
[Result "1/2-1/2"]
[WhiteElo "2371"]
[BlackElo "2212"]
[PlyCount "74"]
[EventDate "2006.12.22"]
[EventType "tourn"]
[EventRounds "9"]
[EventCountry "ESP"]
[EventCategory "3"]
[Source ""]
[SourceDate "2006.12.22"]

1. d4 d5 2. c4 c6 3. e3 Nf6 4. Nc3 e6 5. Nf3 Bd6 6. Qc2 O-O 7. Bd3 a6 8. c5 Bc7
9. e4 dxe4 10. Nxe4 Nxe4 11. Bxe4 h6 12. O-O Nd7 13. Re1 Re8 14. Bd2 e5 15. Bc3
exd4 16. Bxd4 Nf6 17. Bf5 Bxf5 18. Rxe8+ Qxe8 19. Qxf5 Qe4 20. Qxe4 Nxe4 21.
Re1 Re8 22. Nh4 Nf6 23. Rxe8+ Nxe8 24. Nf5 h5 25. h3 g6 26. Ne7+ Kf8 27. Nc8
Ng7 28. Bxg7+ Kxg7 29. Kf1 Kf6 30. Ke2 Ke6 31. Kd3 Kd7 32. Nb6+ Bxb6 33. cxb6
Kd6 34. a4 Kd5 35. a5 f5 36. h4 Kc5 37. Kc3 Kd5 1/2-1/2

[Event "Ciudad de Pamplona B"]
[Site "Pamplona ESP"]
[Date "2006.12.29"]
[Round "9.2"]
[White "Navarro Cia, Miguel"]
[Black "Lopez Gracia, Fernando"]
[Result "1/2-1/2"]
[WhiteElo "2297"]
[BlackElo "2348"]
[PlyCount "53"]
[EventDate "2006.12.22"]
[EventType "tourn"]
[EventRounds "9"]
[EventCountry "ESP"]
[EventCategory "3"]
[Source ""]
[SourceDate "2006.12.22"]

1. e4 c5 2. Nf3 e6 3. d4 cxd4 4. Nxd4 Nc6 5. Nc3 Qc7 6. Be3 a6 7. Qd2 Nf6 8.
O-O-O Bb4 9. f3 Ne5 10. Nb3 b5 11. Qe1 Be7 12. f4 Ng6 13. e5 Ng4 14. Ne4 Bb7
15. Bc5 O-O 16. Nd6 Bd5 17. Rxd5 exd5 18. g3 Rab8 19. Bg2 f6 20. Bxd5+ Kh8 21.
h3 Nh6 22. Bb4 fxe5 23. fxe5 Nf5 24. Ba5 Qa7 25. Nf7+ Kg8 26. Nd6+ Kh8 27. Nf7+
1/2-1/2

[Event "Ciudad de Pamplona B"]
[Site "Pamplona ESP"]
[Date "2006.12.29"]
[Round "9.5"]
[White "Vila Dupla, Aurelio"]
[Black "Zamarbide Ibarrea, Borja"]
[Result "0-1"]
[WhiteElo "2208"]
[BlackElo "2202"]
[PlyCount "76"]
[EventDate "2006.12.22"]
[EventType "tourn"]
[EventRounds "9"]
[EventCountry "ESP"]
[EventCategory "3"]
[Source ""]
[SourceDate "2006.12.22"]

1. Nf3 e6 2. c4 b6 3. g3 Bb7 4. Bg2 f5 5. O-O Nf6 6. d4 Be7 7. d5 O-O 8. Nc3
Bb4 9. Nd4 Bxc3 10. bxc3 exd5 11. Ba3 c5 12. Nb5 d6 13. Bb2 a6 14. Na3 Qe7 15.
cxd5 b5 16. c4 b4 17. Nb1 Nbd7 18. Qc2 Rae8 19. Re1 Ne4 20. e3 a5 21. f3 Ng5
22. Nd2 Nb6 23. h4 Nf7 24. f4 Nh6 25. e4 Qf7 26. e5 dxe5 27. fxe5 f4 28. Rf1
Qh5 29. Bf3 Ng4 30. Qd1 fxg3 31. Bxg4 Qxh4 32. Qe2 Nxd5 33. Be6+ Rxe6 34. Rxf8+
Kxf8 35. cxd5 Bxd5 36. Rf1+ Rf6 37. Nf3 Bxf3 38. Rxf3 Qh2+ 0-1